Too tired to keep running, Too scared to stop : Change your belief, change your life

Bibliographic Details
Main Author: Patenaude, Joyce Nelson
Other Authors: Bradshow, John
Format: Book
Published: Boston : Element , 1998

MARC

LEADER 00000cam a2200000 7i4500
001 0000027165
005 20220328.0
008 161213
020 |a 1862042705 
040 |a INS 
090 0 0 |a BF637.C4   |b P38 1998 
100 1 |a Patenaude, Joyce Nelson 
245 1 0 |a Too tired to keep running, Too scared to stop :   |b Change your belief, change your life   |c Joyce Nelson Patenaude and foreword by John Bradshow 
260 |a Boston :   |b Element ,   |c 1998 
300 |a 278p. ;   |c 23cm. 
500 |a Includes index 
700 1 |a Bradshow, John 
999 |a 0000021892   |b BOOK   |c Open Shelf   |e Default branch